Von Himmel und von der Erde. (Record no. 6679)

MARC details
000 -CABECERA
campo de control de longitud fija 00551nam a2200205 a 4500
001 - NÚMERO DE CONTROL
campo de control BRCA_6998
005 - FECHA Y HORA DE LA ÚLTIMA TRANSACCIÓN
campo de control 20190321142930.0
008 - DATOS DE LONGITUD FIJA--INFORMACIÓN GENERAL
campo de control de longitud fija 231111s1908----gw-ao#####---#000-0#ger-#
041 ## - CÓDIGO DE LENGUA
Código de lengua del texto/banda sonora o título independiente ger
044 ## - CÓDIGO DEL PAÍS DE LA ENTIDAD EDITORA/PRODUCTORA
Código MARC del país gw
050 #4 - SIGNATURA TOPOGRÁFICA DE LA BIBLIOTECA DEL CONGRESO
Número de documento/Ítem .M49 1908
100 1# - ENTRADA PRINCIPAL--NOMBRE DE PERSONA
Nombre de persona Meyer, M. W.
Títulos y otros términos asociados al nombre (Max Wilhelm)
Fechas asociadas al nombre 1853-1910
9 (RLIN) 17412
245 10 - MENCIÓN DE TÍTULO
Título Von Himmel und von der Erde.
Mención de responsabilidad, etc. von M. Wilhelm Meyer.
260 ## - PUBLICACIÓN, DISTRIBUCIÓN, ETC.
Lugar de publicación, distribución, etc. Stuttgart y Leipzig
Nombre del editor, distribuidor, etc. Anftalt
Fecha de publicación, distribución, etc. 1908
300 ## - DESCRIPCIÓN FÍSICA
Extensión 327 p.
Otras características físicas il., fotografías
Dimensiones 24 cm.
500 ## - NOTA GENERAL
Nota general L199
650 14 - PUNTO DE ACCESO ADICIONAL DE MATERIA--TÉRMINO DE MATERIA
Término de materia o nombre geográfico como elemento de entrada Astronomía
9 (RLIN) 7908
902 ## - CATALOGADOR
Iniciales GFM
942 ## - ELEMENTOS DE PUNTO DE ACCESO ADICIONAL (KOHA)
Fuente del sistema de clasificación o colocación Library of Congress Classification
Tipo de ítem Koha Libros
Holdings
Estado de retiro Estado de pérdida Estado dañado No para préstamo Localización permanente Ubicación/localización actual Fecha de adquisición Número de inventario Total de préstamos Signatura topográfica completa Código de barras Fecha visto por última vez Precio válido a partir de Tipo de ítem Koha
El ejemplar forma parte de la colección y puede ser consultado según las políticas vigentes.       Biblioteca del Museo Franz Mayer (Rogerio Casas-Alatriste) Biblioteca del Museo Franz Mayer (Rogerio Casas-Alatriste) 23/11/2011 L199   .M49 1908 (L199) 7445 22/03/2019 22/03/2019 Libros